| 000 | 00472nam a22001577a 4500 | ||
|---|---|---|---|
| 999 |
_c532506 _d532506 |
||
| 020 | _qHard Cover. | ||
| 082 | _a658 | ||
| 100 | _aTanveer, Maham. | ||
| 245 |
_aImplementing A Successful Joint Venture in Emerging Markets / _cMaham Tanveer. |
||
| 260 |
_aIslamabad: _bNBS - NUST, _c2012. |
||
| 300 |
_a64 p. : _bill. ; _c30cm. |
||
| 942 |
_2ddc _cTHE |
||
| 650 |
_aMBA-Thesis. _917629 |
||
| 700 |
_aUmer Ahmed. _918806 |
||